TOP 2006 v slovenskej reklame

Vývoj reklamného trhu na Slovensku do roku 2007, objemy reklamy v médiách v rokoch 2001-2006. Segmenty reklamného trhu. Výsledky súťaže Zlatý klinec 2007. Hodnotenie Stratégií 2006.

Salvato in:
Dettagli Bibliografici
Natura: Capitolo di libro
Lingua:slovacco
Soggetti:
Tags: Aggiungi Tag
Nessun Tag, puoi essere il primo ad aggiungerne!!

MARC

LEADER 00000naa$a2200000$$$4500
001 0058108
005 20231127111626.4
041 0 |a slo 
044 |a SK 
245 1 0 |a TOP 2006 v slovenskej reklame 
520 |a Vývoj reklamného trhu na Slovensku do roku 2007, objemy reklamy v médiách v rokoch 2001-2006. Segmenty reklamného trhu. Výsledky súťaže Zlatý klinec 2007. Hodnotenie Stratégií 2006. 
610 2 0 |a trh reklamný 
610 2 0 |a médiá 
610 2 0 |a segmentácia trhu 
610 2 0 |a Slovensko 
610 2 0 |a 2006